Mistrovství v Microsoft Visual Basicu 6.0

Salvato in:
Dettagli Bibliografici
Natura: Libro
Lingua:inglese
Pubblicazione: Praha Computer Press 1999
Soggetti:
Tags: Aggiungi Tag
Nessun Tag, puoi essere il primo ad aggiungerne!!

MARC

LEADER 00000nam$a2200000$$$4500
001 0043687
005 20240318114529.0
041 0 |a eng 
044 |a CZ 
245 1 0 |a Mistrovství v Microsoft Visual Basicu 6.0 
264 1 |a Praha  |b Computer Press  |c 1999 
300 |a 1 CD-ROM 
500 |a CD-ROM obsahuje všetky vzorové príklady z knihy, elektronickú verziu originálnej publikácie a desiatky špeciálnych vzorových aplikácií, doplnkov a ovládacích prvkov. 
610 2 0 |a jazyky programovacie 
610 2 0 |a softvér 
610 2 0 |a programovanie počítačov 
610 2 0 |a Visual Basic 6.0